| 000 | 00969nam a2200241 i 4500 | ||
|---|---|---|---|
| 001 | 169889 | ||
| 003 | ES-MaACL | ||
| 005 | 20250812062544.0 | ||
| 008 | 081216s1965 sp |||| |dspa d | ||
| 080 | _a929 Menéndez Pelayo, Marcelino | ||
| 100 | 1 |
_aPérez-Embid, Florentino, _d1918-1974 _990840 |
|
| 245 | 1 | 0 |
_aMenéndez Pelayo desde la actualidad / _cFlorentino Pérez-Embid. |
| 260 |
_aMadrid : _bRialp : _bAteneo, _c1965 ( _fGráf. Nebrija) |
||
| 300 |
_a34 p., [2] h. ; _c19 cm. |
||
| 490 | 1 |
_aColección "O crece o muere" ; _v183 |
|
| 594 | _aConferencia pronunciada en el Club Urbis, de Madrid, el día 23 de marzo de 1965, formando parte del ciclo "Escritores del 98 y su época" | ||
| 600 | 1 | 7 |
_aMenéndez y Pelayo, Marcelino, _d1856-1912 _2embne _980332 |
| 710 | 2 |
_aAteneo de Madrid. _91875 |
|
| 710 | 2 |
_aClub Urbis (Galería) _9172580 |
|
| 830 | 1 | 0 |
_aColección "O crece o muere" _v183 _9183476 |
| 852 |
_aES-MaACL _j2243-F-22 |
||
| 999 |
_c169889 _d169889 |
||